000 00471pab a2200169 454500
008 180718b2000 xxu||||| |||| 00| 0 eng d
100 _aSassen, Saskia
245 _aRegulating immigration in a global age: a new policy landscape
260 _c2000
300 _ap.65-77
362 _aJul
650 _aGlobalization
650 _aImmigration
650 _aMigration law
773 _aAnnals of the American Academy of Political and Social Science
909 _a46117
999 _c46117
_d46117